| 000 | 00758na a2200241 4500 | ||
|---|---|---|---|
| 001 | 19343 | ||
| 003 | MIRAKIL | ||
| 005 | 20181213155106.0 | ||
| 008 | 161213b tu 000 0 | ||
| 020 | _a9757306282 | ||
| 040 |
_aMilas _btur _cTR-AnCHP |
||
| 041 | _atur | ||
| 082 |
_a366.0681 _bY91 1998 |
||
| 090 | _a366.0681 Y91 1998 | ||
| 100 | _aYücekök, Ahmet N. | ||
| 245 |
_aTanzimattan günümüze İstanbul'da sivil toplum kuruluşları _cAhmet N. Yücekök, İlter Turan, Mehmet Alkan ; yayıma hazırlayan Osman Köker |
||
| 260 |
_aİstanbul _bTürkiye Ekonomik ve Toplumsal Tarih Vakfı _c1998 |
||
| 300 |
_a227 s. _btbl. _c24 sm. |
||
| 700 | _aKöker, Osman | ||
| 700 | _aAlkan, Mehmet | ||
| 700 | _aTuran, İlter | ||
| 942 |
_2dcc _cBKS |
||
| 999 |
_c6371 _d6371 |
||